MESTSKÁ KNIŽNICA GIRALTOVCE  - online katalóg 

Zabudnutá láska (Record no. 12068)

000 -NÁVESTIE
fixed length control field 00937nam a2200265 a 4500
008 - ÚDAJE S PEVNOU DĹŽKOU – VŠEOBECNÉ INFORMÁCIE
fixed length control field 970730s1997 m yxo ra 0 slo c
020 ## - MEDZINÁRODNÉ ŠTANDARDNÉ ČÍSLO KNIHY (ISBN)
Medzinárodné štandardné číslo knihy (ISBN) 8071184314
Údaje o dostupnosti 119
040 ## - ZDROJ KATALOGIZÁCIE
Pôvodná katalogizujúca agentúra SNK
Jazyk katalogizácie slo
Prepisujúca agentúra SNK
Konvencie popisu AACR2
041 1# - KÓD JAZYKA
Kód jazyka textu/zvukovej stopy alebo samostatných nápisov slo
Kód jazyka originálu a/alebo sprostredkujúcich prekladov textu eng
044 ## - KÓD KRAJINY VYDAVATEĽA/PRODUCENTA
Kód krajiny MARC xo
Kód krajiny ISO SK
080 ## - ČÍSLO MEDZINÁRODNÉHO DESATINNÉHO TRIEDENIA (MDT)
Číslo Medzinárodného desatinného triedenia (MDT) 820 (73)-3
100 1# - OSOBNÉ MENÁ – VŠEOBECNÉ INFORMÁCIE
Osobné meno Spencer, La Vyrle
Kód roly aut
240 10 - UNIFIKOVANÝ NÁZOV
Unifikovaný názov Small town girl
Jazyk diela Slovensky
245 10 - NÁZOV
Názov Zabudnutá láska
Údaj o zodpovednosti atď. La Vyrle Spencerová ; [z anglického originálu preložila Helena Sumbalová]
260 ## - VYDAVATEĽSKÉ ÚDAJE, DISTRIBÚCIA ATĎ.
Miesto publikovania, distribúcie atď. Bratislava
Názov vydavateľa, distibútora atď. IKAR
Dátum publikovania, distribúcie atď. 1997
300 ## - FYZICKÝ POPIS
Rozsah 292 s.
Rozmery 21 cm
500 ## - VŠEOBECNÁ POZNÁMKA
Formátovaná poznámka o obsahu Údaj o prekl. prevzatý z rubu tit. strany
650 07 - PRIDANÝ VSTUP – PREDMET – TEMATICKÉ HESLO
Tematické heslo alebo geografický názov ako vstupný prvok literatúra americká
Všeobecný pododdiel romány ľúbostné
-- romány spoločenské
Zdroj hesla alebo termínu SNK
650 07 - PRIDANÝ VSTUP – PREDMET – TEMATICKÉ HESLO
Tematické heslo alebo geografický názov ako vstupný prvok romány ľúbostné
Všeobecný pododdiel literatúra americká
Zdroj hesla alebo termínu SNK
650 07 - PRIDANÝ VSTUP – PREDMET – TEMATICKÉ HESLO
Tematické heslo alebo geografický názov ako vstupný prvok romány spoločenské
Všeobecný pododdiel literatúra americká
Zdroj hesla alebo termínu SNK
700 1# - PRIDANÝ VSTUP – OSOBNÉ MENO
Osobné meno Sumbalová, Helena
Kód roly trl
730 ## -
-- Small town girl
765 0# - VÄZBA NA PÔVODNÝ JAZYK
Názov Small town girl
Záhlavie hlavného vstupu Spencer, La Vyrle
958 ## - Formálny deskriptor
Formálny deskriptor AUL
Holdings
Stav stiahnutia (Blokovanie) (Withrawn status) Stav straty Stav poškodenia (Damaged status) Nie pre výpožičky (Not for loan) Spôsob nadobudnutia (Collection code) Trvalé umiestnenie Aktuálne umiestnenie Dátum nadobudnutia Náklady, bežná kúpna cena Inventárne číslo (prírastkové číslo) Full call number Dátum posledného výskytu Cena s účinnosťou od Typ jednotky Koha
        Kúpa Mestská knižnica Giraltovce Mestská knižnica Giraltovce 2019-11-29 119.00 11371 B 5497 2019-11-29 2019-11-29 Krásna literatúra pre dospelých

Powered by Koha